<?xml version="1.0" encoding="UTF-8"?>
<record
    xmlns:xsi="http://www.w3.org/2001/XMLSchema-instance"
    xsi:schemaLocation="http://www.loc.gov/MARC21/slim http://www.loc.gov/standards/marcxml/schema/MARC21slim.xsd"
    xmlns="http://www.loc.gov/MARC21/slim">

  <leader>00638nam a22002057a 4500</leader>
  <controlfield tag="005">20230828163559.0</controlfield>
  <controlfield tag="008">230825b           ||||| |||| 00| 0 eng d</controlfield>
  <datafield tag="020" ind1=" " ind2=" ">
    <subfield code="a">9789358490329</subfield>
  </datafield>
  <datafield tag="040" ind1=" " ind2=" ">
    <subfield code="a">IN-DiNC</subfield>
    <subfield code="c">IN-DiNC</subfield>
  </datafield>
  <datafield tag="041" ind1=" " ind2=" ">
    <subfield code="d">asm</subfield>
  </datafield>
  <datafield tag="082" ind1=" " ind2=" ">
    <subfield code="a">934</subfield>
    <subfield code="b">BHU</subfield>
  </datafield>
  <datafield tag="100" ind1=" " ind2=" ">
    <subfield code="a">Bhuyan, Pranjal</subfield>
    <subfield code="e">author</subfield>
  </datafield>
  <datafield tag="245" ind1=" " ind2=" ">
    <subfield code="a">Bharatbarshar itihas (pratham khanda):</subfield>
    <subfield code="b">prak aitihasik jugar pora 300 khristapurboloi (Major1)/</subfield>
    <subfield code="c">by Pranjal Bhuyan and Pranjal Mohon Baruah</subfield>
  </datafield>
  <datafield tag="250" ind1=" " ind2=" ">
    <subfield code="a">1st ed.</subfield>
  </datafield>
  <datafield tag="260" ind1=" " ind2=" ">
    <subfield code="a">Dibrugarh:</subfield>
    <subfield code="b">Banalata,</subfield>
    <subfield code="c">2023</subfield>
  </datafield>
  <datafield tag="300" ind1=" " ind2=" ">
    <subfield code="a">221p.</subfield>
  </datafield>
  <datafield tag="650" ind1=" " ind2=" ">
    <subfield code="a">Pre history of India</subfield>
  </datafield>
  <datafield tag="700" ind1=" " ind2=" ">
    <subfield code="a">Baruah, Pranjal Mohon</subfield>
    <subfield code="e">author</subfield>
  </datafield>
  <datafield tag="942" ind1=" " ind2=" ">
    <subfield code="2">ddc</subfield>
    <subfield code="c">BK</subfield>
  </datafield>
  <datafield tag="999" ind1=" " ind2=" ">
    <subfield code="c">11601</subfield>
    <subfield code="d">11601</subfield>
  </datafield>
  <datafield tag="952" ind1=" " ind2=" ">
    <subfield code="0">0</subfield>
    <subfield code="1">0</subfield>
    <subfield code="2">ddc</subfield>
    <subfield code="4">0</subfield>
    <subfield code="7">0</subfield>
    <subfield code="8">HIS</subfield>
    <subfield code="a">MAIN</subfield>
    <subfield code="b">MAIN</subfield>
    <subfield code="c">GEN</subfield>
    <subfield code="d">2023-08-25</subfield>
    <subfield code="g">180.00</subfield>
    <subfield code="l">12</subfield>
    <subfield code="o">934 BHU</subfield>
    <subfield code="p">29638</subfield>
    <subfield code="r">2025-11-15 06:32:44</subfield>
    <subfield code="s">2025-11-04</subfield>
    <subfield code="t">1</subfield>
    <subfield code="w">2023-08-25</subfield>
    <subfield code="y">BK</subfield>
  </datafield>
  <datafield tag="952" ind1=" " ind2=" ">
    <subfield code="0">0</subfield>
    <subfield code="1">0</subfield>
    <subfield code="2">ddc</subfield>
    <subfield code="4">0</subfield>
    <subfield code="7">0</subfield>
    <subfield code="8">HIS</subfield>
    <subfield code="a">MAIN</subfield>
    <subfield code="b">MAIN</subfield>
    <subfield code="c">GEN</subfield>
    <subfield code="d">2023-08-25</subfield>
    <subfield code="g">180.00</subfield>
    <subfield code="l">5</subfield>
    <subfield code="o">934 BHU</subfield>
    <subfield code="p">29639</subfield>
    <subfield code="q">2024-10-09</subfield>
    <subfield code="r">2024-09-20 07:13:04</subfield>
    <subfield code="s">2024-09-20</subfield>
    <subfield code="t">2</subfield>
    <subfield code="w">2023-08-25</subfield>
    <subfield code="y">BK</subfield>
  </datafield>
  <datafield tag="952" ind1=" " ind2=" ">
    <subfield code="0">0</subfield>
    <subfield code="1">0</subfield>
    <subfield code="2">ddc</subfield>
    <subfield code="4">0</subfield>
    <subfield code="7">0</subfield>
    <subfield code="8">HIS</subfield>
    <subfield code="a">MAIN</subfield>
    <subfield code="b">MAIN</subfield>
    <subfield code="c">GEN</subfield>
    <subfield code="d">2023-08-25</subfield>
    <subfield code="g">180.00</subfield>
    <subfield code="l">8</subfield>
    <subfield code="o">934 BHU</subfield>
    <subfield code="p">29640</subfield>
    <subfield code="q">2025-11-26</subfield>
    <subfield code="r">2025-11-11 07:12:22</subfield>
    <subfield code="s">2025-11-11</subfield>
    <subfield code="t">3</subfield>
    <subfield code="w">2023-08-25</subfield>
    <subfield code="y">BK</subfield>
  </datafield>
  <datafield tag="952" ind1=" " ind2=" ">
    <subfield code="0">0</subfield>
    <subfield code="1">0</subfield>
    <subfield code="2">ddc</subfield>
    <subfield code="4">0</subfield>
    <subfield code="7">0</subfield>
    <subfield code="8">HIS</subfield>
    <subfield code="a">MAIN</subfield>
    <subfield code="b">MAIN</subfield>
    <subfield code="c">GEN</subfield>
    <subfield code="d">2023-08-25</subfield>
    <subfield code="g">180.00</subfield>
    <subfield code="l">3</subfield>
    <subfield code="o">934 BHU</subfield>
    <subfield code="p">29641</subfield>
    <subfield code="q">2023-11-02</subfield>
    <subfield code="r">2023-10-11 00:00:00</subfield>
    <subfield code="s">2023-10-11</subfield>
    <subfield code="t">4</subfield>
    <subfield code="w">2023-08-25</subfield>
    <subfield code="y">BK</subfield>
  </datafield>
  <datafield tag="952" ind1=" " ind2=" ">
    <subfield code="0">0</subfield>
    <subfield code="1">0</subfield>
    <subfield code="2">ddc</subfield>
    <subfield code="4">0</subfield>
    <subfield code="7">0</subfield>
    <subfield code="8">HIS</subfield>
    <subfield code="a">MAIN</subfield>
    <subfield code="b">MAIN</subfield>
    <subfield code="c">GEN</subfield>
    <subfield code="d">2023-08-25</subfield>
    <subfield code="g">180.00</subfield>
    <subfield code="l">7</subfield>
    <subfield code="o">934 BHU</subfield>
    <subfield code="p">29642</subfield>
    <subfield code="r">2025-11-07 06:16:55</subfield>
    <subfield code="s">2025-09-06</subfield>
    <subfield code="t">5</subfield>
    <subfield code="w">2023-08-25</subfield>
    <subfield code="y">BK</subfield>
  </datafield>
</record>
